[Event "Challenge"]
[Site "http://www.queenalice.com/game.php?id=498303"]
[Date "2008.11.25"]
[Round "-"]
[White "Saru"]
[Black "dpenguin"]
[Result "1-0"]
[WhiteElo "1229"]
[BlackElo "1109"]

1. c4 e5 2. Nc3 Bc5 3. Ne4 Bb4 4. a3 Ba5 5. b4 Bb6 6. c5 Bxc5 7. Nxc5 d6 8. Ne4
b6 9. Nf3 Bf5 10. d3 c5 11. e3 cxb4 12. a4 Nc6 13. Be2 d5 14. Neg5 f6 15. Nh3
Na5 16. Nh4 Bd7 17. Qb3 1-0

[Event "Challenge"]
[Site "http://www.queenalice.com/game.php?id=512149"]
[Date "2008.12.24"]
[Round "-"]
[White "Drica"]
[Black "dpenguin"]
[Result "1-0"]
[WhiteElo "1757"]
[BlackElo "1111"]

1. e4 Nf6 2. Qf3 g5 3. Bc4 e6 4. e5 Nd5 5. Qh5 Rg8 6. Nf3 c6 7. Qxh7 Bg7 8.
Qxg8+ Ke7 9. Qxg7 b5 10. Qxg5+ f6 11. exf6+ Nxf6 12. Bd3 Qg8 13. Qc5+ Kd8 14. b4
1-0

[Event "Challenge"]
[Site "http://www.queenalice.com/game.php?id=621835"]
[Date "2009.7.20"]
[Round "-"]
[White "dpenguin"]
[Black "fredofm"]
[Result "0-1"]
[WhiteElo "1090"]
[BlackElo "1325"]

1. e3 d5 2. Bb5+ c6 3. Ba4 Nf6 4. Nc3 Bf5 5. b4 b5 6. Nxb5 Bd7 7. Nd4 e5 8. Nb3
Bg4 9. f3 Bh5 10. g4 Bg6 11. Nc5 d4 12. e4 Bxc5 13. bxc5 O-O 14. Ne2 Na6 15. Ba3
Qe7 16. Bxc6 Rac8 17. Bb5 Nxc5 18. c3 dxc3 19. dxc3 Qd6 0-1

[Event "for old times"]
[Site "http://www.queenalice.com/game.php?id=681923"]
[Date "2009.11.12"]
[Round "-"]
[White "dpenguin"]
[Black "fredofm"]
[Result "0-1"]
[WhiteElo "1083"]
[BlackElo "1511"]

1. e4 e5 2. Qf3 Nf6 3. Qb3 Nc6 4. Be2 d6 5. Nh3 Nd4 6. Ng5 Nxb3 7. h4 Ng4 8. f3
Nxc1 9. Bb5+ c6 10. d3 cxb5 11. Kd2 Nxd3 12. Kxd3 Nf2+ 0-1

[Event "Challenge"]
[Site "http://www.queenalice.com/game.php?id=688005"]
[Date "2009.11.24"]
[Round "-"]
[White "dpenguin"]
[Black "FENIX_RJ"]
[Result "0-1"]
[WhiteElo "1081"]
[BlackElo "1442"]

1. e4 e5 2. Qf3 Nc6 3. Be2 Nd4 4. Bc4 Nxf3+ 5. Ke2 Nd4+ 6. Kd3 Nf6 7. f4 Bd6 8.
g3 b5 9. Nc3 bxc4+ 10. Kxc4 Ba6+ 11. Nb5 Bxb5+ 0-1

[Event "Challenge"]
[Site "http://www.queenalice.com/game.php?id=806550"]
[Date "2010.7.21"]
[Round "-"]
[White "dpenguin"]
[Black "fredofm"]
[Result "1-0"]
[WhiteElo "1079"]
[BlackElo "1395"]

1. Nc3 e5 2. Ne4 d5 3. Nc3 Bb4 4. e3 Bxc3 5. bxc3 d4 6. cxd4 Nc6 7. Bb5 a6 8.
Qe2 axb5 9. Qxb5 Nf6 10. Bb2 Bd7 11. d5 Na5 12. Qd3 O-O 13. Nf3 e4 14. Qd4 exf3
15. gxf3 b6 16. Rg1 c5 17. Qh4 Qc7 18. f4 Nc4 19. Bxf6 g6 20. Qh6 Rfe8 21. Qg7#
1-0

[Event "It's me again"]
[Site "http://www.queenalice.com/game.php?id=893273"]
[Date "2011.1.30"]
[Round "-"]
[White "dpenguin"]
[Black "fredofm"]
[Result "0-1"]
[WhiteElo "1096"]
[BlackElo "1294"]

1. e3 e5 2. Qf3 Qf6 3. Qh5 g6 4. Qh3 Nc6 5. Bc4 d5 6. Bxd5 Bxh3 7. gxh3 Nb4 8.
Bxb7 Nxc2+ 9. Kd1 Nxa1 10. Bxa8 Ne7 11. d3 Qxf2 12. Nd2 Qxe3 13. Nb3 Qxd3+ 14.
Nd2 Nf5 15. Be4 Ne3+ 16. Ke1 Nac2+ 17. Kf2 Nd1+ 18. Kg2 Ne1# 0-1

[Event "Challenge"]
[Site "http://www.queenalice.com/game.php?id=912754"]
[Date "2011.3.14"]
[Round "-"]
[White "edemarc"]
[Black "dpenguin"]
[Result "1-0"]
[WhiteElo "1502"]
[BlackElo "1088"]

1. e4 e5 2. Nf3 Qf6 3. Nc3 Bc5 4. Nd5 Qd6 5. d4 Bb4+ 6. c3 Ba5 7. Bc4 exd4 8.
Nxd4 c5 9. Bf4 Qg6 10. O-O cxd4 11. Qxd4 d6 12. Rfe1 Bg4 13. Bg3 Nc6 14. Qe3 f5
15. exf5+ Ne5 16. Bxe5 Qxf5 17. Bxg7+ Ne7 18. Qxe7# 1-0

[Event "Challenge"]
[Site "http://www.queenalice.com/game.php?id=915276"]
[Date "2011.3.20"]
[Round "-"]
[White "dpenguin"]
[Black "Bira_Dietz"]
[Result "0-1"]
[WhiteElo "1084"]
[BlackElo "1701"]

1. e4 c6 2. Qf3 Nf6 3. Bc4 d5 4. exd5 cxd5 5. Bb5+ Bd7 6. Bd3 Nc6 7. Nc3 Bg4 8.
Qg3 Nd4 9. Qe5 Qb6 10. Nxd5 Qc6 11. Nxf6+ gxf6 12. Qxd4 Qxg2 13. Ne2 Qxh1+ 14.
Ng1 Qxg1+ 15. Bf1 Bh3 16. Ke2 Qxf1+ 17. Ke3 Bh6+ 18. f4 Qe1+ 19. Kd3 O-O 20. b3
Rad8 21. Bb2 Rxd4+ 22. Bxd4 Bf1+ 23. Kc3 Qxa1+ 24. Kb4 Qxd4+ 25. c4 Qxd2+ 26.
Kc5 Rc8+ 27. Kb5 Qxa2 28. h4 Bxf4 29. Kb4 Bd2+ 30. Kb5 Qxb3# 0-1

[Event "Challenge"]
[Site "http://www.queenalice.com/game.php?id=917582"]
[Date "2011.3.26"]
[Round "-"]
[White "edemarc"]
[Black "dpenguin"]
[Result "1-0"]
[WhiteElo "1505"]
[BlackElo "1086"]

1. e4 Nf6 2. Nc3 h5 3. Nf3 Rh6 4. Ne5 d6 5. Nf3 Rg6 6. g3 Bg4 7. d3 Nc6 8. Be3
Nb4 9. Be2 Qd7 10. a3 Na6 11. Nh4 Rg5 12. Bxg5 Qe6 13. Nb5 c6 14. Nd4 Qe5 15.
Be3 Nxe4 16. O-O g5 17. Nhf3 Qc5 18. dxe4 Bg7 19. c3 e5 20. Ne6 Qa5 21. Nxg7+
Kf8 22. Nf5 1-0

[Event "Connection"]
[Site "http://www.queenalice.com/game.php?id=919939"]
[Date "2011.3.31"]
[Round "-"]
[White "dpenguin"]
[Black "fredofm"]
[Result "1-0"]
[WhiteElo "1074"]
[BlackElo "1300"]

1. Nc3 e5 2. Ne4 Nf6 3. Ng5 Nd5 4. e4 Qxg5 5. exd5 Bc5 6. g3 O-O 7. d3 Bxf2+ 8.
Kxf2 Qf6+ 9. Nf3 c5 10. Qe1 d6 11. a3 b6 12. b4 e4 13. dxe4 Bg4 14. bxc5 Qxf3+
15. Kg1 Qf6 16. Be3 Qf3 17. Bg2 Qf6 18. cxd6 Rc8 19. Rc1 Qxd6 20. Bf4 Qxa3 21.
h3 Bd7 22. c4 f6 23. e5 g5 24. Be3 Na6 25. exf6 Kf8 26. Bxg5 Nb4 27. Bd2 Nd3 28.
Qd1 Nxc1 29. Bxc1 Qc5+ 30. Kh2 Qxc4 31. h4 Bg4 32. Qe1 Qa2 33. Qe7+ Kg8 34. Be3
Rc2 35. Qg7# 1-0

[Event "Challenge"]
[Site "http://www.queenalice.com/game.php?id=930809"]
[Date "2011.4.27"]
[Round "-"]
[White "soudeDeus"]
[Black "dpenguin"]
[Result "1-0"]
[WhiteElo "1243"]
[BlackElo "1084"]

1. Nf3 e6 2. Nc3 Bb4 3. a3 Ba5 4. d3 Qf6 5. b4 Bb6 6. Bg5 Qxc3+ 7. Nd2 Bd4 8.
Rb1 Qxa3 9. Rb3 Qa6 10. Nf3 Bb6 11. Rg1 Nf6 12. b5 Qa5+ 13. Qd2 Qa4 14. Ne5 Qd4
15. Nf3 Qxf2+ 16. Kd1 Qc5 17. d4 Qf5 18. g4 1-0